000 00714nam a2200289Ia 4500
005 20260324140535.0
008 008 260324s9999 xx 000 0 eng d
020 _a9781315810065
037 _aEBOOK
040 _aCRL
040 _beng
040 _cCRL
041 _2eng
041 _aeng
084 _qCRL
100 _aThorana S Nelson; Terry S Trepper; Frank N Thomas
_91204785
245 0 _aTales from Family Therapy
245 0 _bLife-Changing Clinical Experiences
260 _bTaylor and Francis
260 _c1998
365 _a
365 _b140
856 _uhttp://www.taylorfrancis.com/books/9781315810065
942 _cEBOOK
999 _c1806970
_d1806970